LEADER 02074nam 2200385 n 450 001 996390813903316 005 20221108102722.0 035 $a(CKB)4940000000100797 035 $a(EEBO)2264181285 035 $a(UnM)9928420800971 035 $a(EXLCZ)994940000000100797 100 $a19871130d1662 uy | 101 0 $aeng 135 $aurbn||||a|bb| 200 02$aA preservative of piety$b[electronic resource] $ein a quiet reasoning for those duties of religion, that are the means and helps appointed of God for the preserving and promoting of godliness. Namely, I. Of four Christian-duties, viz. 1. Reading the Scriptures. 2. Preparation for the Lords Supper. 3. Estimation of the ministry. 4. Sanctification of the Lords-day-Sabbath. II. Of four family-duties, viz. 1. Houshold-catechising. 2. Family-prayer. 3. Repeating of sermons. 4. Singing of Psalms. With an epistle prefixt, to inform and satisfie the Christian reader, concerning the whole treatise. By William Thomas, rector of the church at Ubley in the county of Somerset 210 $aLondon $cPrinted for Edward Thomas, and are to be sold at his shop at the Adam and Eve in Little-Brittain$dM.DC.LXII. [1662] 215 $a[36], 231, [1] p 300 $aThe words "1. Reading .. Lords-day-Sabbath." and "1. Houshold-catechising. .. Psalms." are bracketed together on title page. 300 $aVariant: imprint has "Edward Thomaas". 300 $aIdentified as Wing T988a (variant) on reel 1160. 300 $aReproduction of the original at the Union Theological Seminary Library (reel 1160) and the Congregational Library, London (reel 1820). 330 $aeebo-0028 606 $aChristian life$vEarly works to 1800 606 $aConduct of life$vEarly works to 1800 615 0$aChristian life 615 0$aConduct of life 700 $aThomas$b William$f1593-1667.$0845280 801 0$bCu-RivES 801 1$bCu-RivES 801 2$bCStRLIN 801 2$bWaOLN 906 $aBOOK 912 $a996390813903316 996 $aA preservative of piety$91886107 997 $aUNISA LEADER 01643nam 2200433 450 001 996200294203316 005 20230421041251.0 035 $a(CKB)111055184265066 035 $a(SSID)ssj0000558078 035 $a(PQKBManifestationID)12253530 035 $a(PQKBTitleCode)TC0000558078 035 $a(PQKBWorkID)10557671 035 $a(PQKB)10424267 035 $a(WaSeSS)IndRDA00123932 035 $a(EXLCZ)99111055184265066 100 $a20200527d1995 uy 0 101 0 $aeng 135 $aur||||||||||| 181 $ctxt 182 $cc 183 $acr 200 10$aInternational Conference on Computer Design $eVLSI in computers & processors : proceedings :October 2-4, 1995, Austin, Texas /$fsponsored by IEEE Computer Society Technical Committee on Design Automation, IEEE Circuits and Systems Society 210 1$aLos Alamitos, California :$cIEEE Computer Society,$d1995. 215 $a1 online resource (iii, 709 pages) 300 $aBibliographic Level Mode of Issuance: Monograph 311 $a0-8186-7165-3 606 $aElectronic digital computers$xCircuits$vCongresses 606 $aIntegrated circuits$xVery large scale integration$vCongresses 615 0$aElectronic digital computers$xCircuits 615 0$aIntegrated circuits$xVery large scale integration 676 $a621.38195835 712 02$aIEEE Computer Society.$bDesign Automation Technical Committee, 712 02$aIEEE Circuits and Systems Society, 801 0$bWaSeSS 801 1$bWaSeSS 906 $aBOOK 912 $a996200294203316 996 $aInternational Conference on Computer Design$92332543 997 $aUNISA